000 00417 a2200157 4500
001 193049
020 _a978-85-395-0011-6
040 _cMagnum
100 _aLarry, H I
240 1 0 _aZac power test drive 11: o lançamento de foguete de zac
_lpor
245 1 0 _aZac power test drive 11: o lançamento de foguete de zac
300 _a34
362 0 _a2011
697 _aLITERATURA JUVENIL ESTRANGEIRA
942 _cBK
999 _c193049
_d193049